200 suosituinta naisten nimeä alkukirjaimella N - Statistics

Yleistilastot
  • Tätä visaa on pelattu 454 kertaa
  • Keskiarvotulos 69 / 200
Vastaustilastot
% Oikein
Niina
96%
Nina
96%
Noora
96%
Nora
96%
Norah
96%
Nelli
94%
Nellie
94%
Nelly
94%
Nella
92%
Nan
91%
Nea
90%
Néa
90%
Neah
90%
Neea
90%
Ninni
89%
Netta
87%
Noor
87%
Nour
87%
Nur
87%
Nuur
87%
Nanna
86%
Nata
77%
Natali
72%
Natalie
72%
Nathalie
72%
Nadia
71%
Nadiya
71%
Nadja
71%
Nadya
71%
Natja
71%
Natalia
69%
Nataliia
69%
Natalija
69%
Nataliya
69%
Natalja
69%
Natallia
69%
Natalya
69%
Nathalia
69%
Neela
67%
Nita
67%
Nia
62%
Niia
62%
Nenna
60%
Naana
58%
Naima
58%
Naimi
58%
Naimo
58%
Najma
58%
Najmo
58%
Nana
58%
Nanni
58%
Nanny
58%
Ninja
57%
Nomi
56%
Noomi
56%
Ninna
53%
Nila
52%
Nilla
49%
Nette
48%
Nico
48%
Niko
48%
Nahla
47%
Nala
47%
Nonna
47%
Nuppu
46%
Naomi
45%
Natacha
45%
Natasa
45%
Natascha
45%
Natasha
45%
Natasia
45%
Noa
42%
Naila
41%
Najla
41%
Nayla
41%
Neila
41%
Nejla
41%
Niki
41%
Nikki
41%
Nona
41%
Noona
41%
Nisa
40%
Nisha
40%
Neena
38%
Nena
38%
Nitta
38%
Ninnu
37%
Nicole
36%
Nikol
36%
Norma
35%
Neili
33%
Nika
33%
Nanne
32%
Nenne
32%
Nela
31%
Nicola
31%
Nikola
31%
Nani
30%
Nessa
30%
Nova
30%
Noel
28%
Noelle
28%
Nasti
27%
Nemi
27%
Nadin
26%
Nadine
26%
Nelle
26%
Nelma
25%
Neri
25%
Nancy
24%
Nina-Maria
24%
Nola
24%
Nada
22%
Nanette
21%
Neta
21%
Nelia
20%
Nikita
18%
Nanja
17%
Neelia
17%
Neera
17%
Nene
17%
Neija
16%
Nele
16%
Naava
14%
Natta
14%
Neva
14%
Nicoletta
14%
Nicolette
14%
Nyyti
14%
Neo
13%
Noura
13%
Nura
13%
Nuura
13%
Nicolina
12%
Nicoline
12%
Nikolina
12%
Nadejda
11%
Nadeschda
11%
Nadezda
11%
Nadezhda
11%
Neve
11%
Nike
11%
Nimo
11%
Ninette
11%
Narin
10%
Nenja
10%
Niini
10%
Noela
10%
Noella
10%
Noemi
9%
Noémi
9%
Nelliina
8%
Nelmi
8%
Nida
8%
Naya
6%
Naz
5%
Neema
5%
Niitty
5%
Najah
4%
Nawaal
4%
Nawal
4%
Neda
4%
Neele
4%
Nerissa
4%
Nguyen
3%
Ninetta
3%
Neeta
2%
Niika
2%
Narmin
1%
Nasra
1%
Nasro
1%
Neonilla
1%
Noelia
1%
Nabaa
0%
Nabila
0%
Nadira
0%
Nadra
0%
Nafisa
0%
Nafiso
0%
Nagham
0%
Nahid
0%
Nahida
0%
Najwa
0%
Narges
0%
Nargis
0%
Nasrin
0%
Nasteeho
0%
Nasteho
0%
Nazanin
0%
Nazia
0%
Negar
0%
Negin
0%
Neha
0%
Nerea
0%
Nermin
0%
Nesrin
0%
Ngoc
0%
Nhu
0%
Nimco
0%
Novalie
0%
Ehtoja vastaavia visoja ei löytynyt
Tulosjakauma
Jokaisen tuloksen saaneiden osuus
Persentiili vastausten määrän mukaan
Tuloshistoriasi
Et ole pelannut tätä visaa